| 000 | 00727nam a2200265 4500 | ||
|---|---|---|---|
| 003 | OSt | ||
| 005 | 20260601193904.0 | ||
| 008 | 260508b2009 |||ao||| |||| 00| 0 eng d | ||
| 020 | _a9783037782033 | ||
| 020 | _a9783037781340 | ||
| 020 | _a9783037782026 | ||
| 040 |
_aICI _bspa _cICI _erda |
||
| 041 | _aeng | ||
| 050 |
_aNC997 _bB38 2009 |
||
| 100 |
_aBaur, Ruedi _eautor |
||
| 245 |
_aRuedi Baur integral/ _cBaur, Ruedi |
||
| 264 |
_aBaden, Switzerland _bLars Müller Publishers, _c2009. |
||
| 300 | _a416 páginas | ||
| 336 |
_2rdacontent _atexto |
||
| 337 |
_2rdamedia _asin medio |
||
| 338 |
_2rdacarrier _avolumen |
||
| 600 |
_aBaur, Ruedi _xExhibitions. |
||
| 650 |
_aGraphic design _zFrance. |
||
| 942 |
_2lcc _n1 _cB |
||
| 999 |
_c22338 _d22338 |
||